[Event "Mallorca-chT Preferente"]
[Site "Mallorca"]
[Date "2016.03.09"]
[Round "4.6"]
[White "Pulido Sancho, Alfredo"]
[Black "Vanrell Sastre, Joan"]
[Result "1-0"]
[WhiteElo "1973"]
[BlackElo "1222"]
[PlyCount "27"]
[EventDate "2016.03.01"]
[EventType "team-tourn"]
[EventRounds "9"]
[EventCountry "ESP"]
[SourceTitle "EXT 2024"]
[Source "ChessBase"]
[SourceDate "2023.10.10"]
[SourceVersion "1"]
[SourceVersionDate "2023.10.10"]
[SourceQuality "1"]
[WhiteTeam "Can Tiu Alaro Dragonera"]
[BlackTeam "Algaida"]
[WhiteTeamCountry "ESP"]
[BlackTeamCountry "ESP"]

1. d4 d5 2. Nf3 Nf6 3. Bg5 h6 4. Bh4 e6 5. e3 Be7 6. Nbd2 Nbd7 7. Bd3 c5 8. c3 c4 9. Bc2 b5 10. 0-0 0-0 11. Ne5 Nxe5 12. dxe5 g5 13. exf6 gxh4 14. Qg4+ 1-0